| 000 | 00529nam a2200145 a 4500 | ||
|---|---|---|---|
| 001 | 000033341 | ||
| 005 | 20200930070205.0 | ||
| 008 | 110824s19-- 000 0 spa d | ||
| 040 |
_aDO-SdBNP _bspa _cBNPHU |
||
| 100 | 1 |
_aCruz, Hector J. _945957 |
|
| 245 | 1 | 3 |
_aLa participación dominicana en Juegos Centro Americanos, Panamericanos y Olimpicos / _cCruz Hector J. ; prólogo Rogelio Lamarche Soto. |
| 260 |
_a[Santo Domingo] : _b[s. n.], _c[19--]. |
||
| 300 |
_a[283 p.] ; _c21 cm. |
||
| 700 | 1 |
_aLamarche Soto, Rogelio _epról. _938540 |
|
| 999 |
_c32832 _d32832 |
||